Cartilha maternal ou arte de leitura (Registo nº 199528)

Detalhes MARC
000 -Etiqueta do registo
Valores 00487nam 22001693 4500
100 ## - Dados gerais de processamento
Dados gerais 20251215d u||y0pory50 ba
200 ## - Titulo e menção de responsabilidade
Título próprio Cartilha maternal ou arte de leitura
Informação de outro título segunda parte
Primeira menção de responsabilidade João de Deus
210 ## - Publicação
Local de publicação Lisboa
Nome do editor Bertrand
Data de publicação imp.1975
215 ## - Descrição física 
Paginação / Volumes 67, [1] p.
Outras indicações físicas brochado
Dimensões 18 cm
606 ## - Nome comum usado como assunto
ID Autoridade 1098
Palavra de ordem Educação
Subdivisão assunto Ensino
675 ## - CDU
Notação 37
Edição PT
Língua por
700 ## - Autor principal (pessoa individual)
ID Autoridade 3941
Apelido Deus
Nome João de
Datas 1830-1896
801 ## - Fonte de origem
País PT
Agência BMMN
Regras de catalogação RPC
830 ## - Notas gerais do catalogador
Criado por Ana
Indexado por Ana
990 ## - Elementos KOHA
Tipo de documento Livro
Exemplares
Situação do levantamento Biblioteca de origem Código de barras Cota Permissão de empréstimo Tipo de documento Forma de aquisição
  Biblioteca Municipal de Montemor-o-Novo 28418 37 DEU|DEP   Livro Compra

Powered by Koha